United Nations conference on a convention on international multimodal transport/ (Record no. 543055)

000 -LEADER
fixed length control field 00411nam a22001337a 4500
082 ## - DEWEY DECIMAL CLASSIFICATION NUMBER
Classification number 388
Author Mark UNI
-- D
100 ## - MAIN ENTRY--PERSONAL NAME
Personal name United Nations
9 (RLIN) 20028
245 ## - TITLE STATEMENT
Title United Nations conference on a convention on international multimodal transport/
260 ## - PUBLICATION, DISTRIBUTION, ETC.
Place of publication, distribution, etc. New York:
Name of publisher, distributor, etc. United Nations publication;
Date of publication, distribution, etc. c1981
300 ## - PHYSICAL DESCRIPTION
Extent 62 p.:
Dimensions 24 cm.
526 ## - STUDY PROGRAM INFORMATION NOTE
Program name 0
Interest level 0
Reading level 0
Title point value 388_000000000000000_UNI
650 ## - SUBJECT ADDED ENTRY--TOPICAL TERM
Topical term or geographic name entry element MCE
9 (RLIN) 379
942 ## - ADDED ENTRY ELEMENTS (KOHA)
Source of classification or shelving scheme
Koha item type Book
Holdings
Withdrawn status Lost status Source of classification or shelving scheme Damaged status Not for loan Permanent Location Current Location Date acquired Total Checkouts Full call number Barcode Date last seen Price effective from Koha item type
          Military College of Engineering (MCE) Military College of Engineering (MCE) 03/03/2014   388 UNI MCE-43337 03/03/2014 03/03/2014 Book
© 2023 Central Library, National University of Sciences and Technology. All Rights Reserved.